Hincadura de pilotes en el proyecto No.9 de la Carretera Interamericana
Збережено в:
| Автор: | |
|---|---|
| Формат: | Невідомо |
| Опубліковано: |
[San José, Costa Rica]
1963
|
| Предмети: | |
| Теги: |
Додати тег
Немає тегів, Будьте першим, хто поставить тег для цього запису!
|
MARC
| LEADER | 00000 a2200000 4500 | ||
|---|---|---|---|
| 003 | 011141 | ||
| 005 | 20230425153229.0 | ||
| 008 | 140114s1963 c a m 000 ||s d | ||
| 040 | |c cru CEDI | ||
| 100 | |a Boza Cordero, Manuel |9 17452 | ||
| 245 | |a Hincadura de pilotes en el proyecto No.9 de la Carretera Interamericana | ||
| 260 | |a [San José, Costa Rica] |c 1963 | ||
| 300 | |a [152] hojas : cuadros, 2 fotografías originales, diagramas (plegables ) ; 29 cm. | ||
| 500 | |a Tesis (Ingeniero civil) Universidad de Costa Rica. | ||
| 650 | |x CARRETERAS |9 17453 | ||
| 942 | |c CEDI |h TFG 174 |6 TFG_174_000000000000000 | ||
| 999 | |c 12073 |d 12073 | ||
